Logo BPK

Biblioteka

Politechniki Koszalińskiej

Przewodnik po PN-EN ochrony cieplnej budynków : (Rekord nr 49849)

Szczegóły MARC
000 -ETYKIETA REKORDU
podpole kontrolne o stałej długości 01184nam a2200301 i 4500
001 - NUMER KONTROLNY REKORDU
pole kontrolne bg
020 ## - MIĘDZYNARODOWY ZNORMALIZOWANY NUMER KSIĄŻKI - ISBN
ISBN 9788324921645
040 ## - ŹRÓDŁO KATALOGOWANIA
Instytucja, która utworzyła rekord BPK
041 0# - KOD JĘZYKA
Kod języka tekstu pol
044 ## - KOD KRAJU WYDAWCY/PRODUCENTA
Kod kraju wydawcy/producenta POL
080 ## - UNIWERSALNA KLASYFIKACJA DZIESIĘTNA - UKD
UKD 699.8:697:006](438)"1989/..."
920 ## - Międzynarodowy znormalizowany numer książki – ISBN
ISBN 978-83-249-2164-5
008 - POLE O STAŁEJ DŁUGOŚCI - DANE KONTROLNE
podpole kontrolne o stałej długości 101230s2009 pl a |000 0 pol
100 1# - NAZWA OSOBOWA
Nazwa osobowa Pogorzelski, Jerzy A.
245 10 - TYTUŁ/ODPOWIEDZIALNOŚĆ
Tytuł Przewodnik po PN-EN ochrony cieplnej budynków :
Ciąg dalszy tytułu [poradnik] /
Pozostałe elementy strefy tytułu i oznaczenia odpowiedzialności Jerzy Pogorzelski ; [oprac. red. Danuta Szczepańska] ; Instytut Techniki Budowlanej.
260 ## - STREFA ADRESU WYDAWNICZEGO
Miejsce wydania Warszawa :
Nazwa wydawcy/dystrybutora Instytut Techniki Budowlanej. Dział Wydawniczy,
Data publikacji, dystrybucji/powstania dokumentu 2009.
300 ## - STREFA OPISU FIZYCZNEGO
Objętość 112 s. :
Inne cechy fizyczne rys. ;
Rozmiary 24 cm.
490 1# - STREFA SERII I DOKUMENTU WIELOCZĘŚCIOWEGO - FORMA NIE DO WYSZUKIWANIA
Tytuł i oznaczenie odpowiedzialności serii Instrukcje, Wytyczne, Poradniki / Instytut Techniki Budowlanej ;
Numeracja w obrębie serii 392/2009
500 ## - UWAGI OGÓLNE
Tekst uwagi Zastępuje Poradnik 392/2003.
650 #4 - HASŁO PRZEDMIOTOWE W FORMIE NAZWY OGÓLNEJ LUB JEDNOSTKOWEJ
Nazwa ogólna lub geograficzna Budownictwo
Określnik ogólny energetyka
-- normalizacja
Określnik geograficzny Polska
650 #4 - HASŁO PRZEDMIOTOWE W FORMIE NAZWY OGÓLNEJ LUB JEDNOSTKOWEJ
Nazwa ogólna lub geograficzna Izolacje cieplne
Określnik ogólny budownictwo
-- normalizacja
Określnik geograficzny Polska
650 #4 - HASŁO PRZEDMIOTOWE W FORMIE NAZWY OGÓLNEJ LUB JEDNOSTKOWEJ
Nazwa ogólna lub geograficzna Ogrzewanie centralne
Określnik ogólny ekonomika
-- normalizacja
Określnik geograficzny Polska
650 #4 - HASŁO PRZEDMIOTOWE W FORMIE NAZWY OGÓLNEJ LUB JEDNOSTKOWEJ
Nazwa ogólna lub geograficzna Poradniki
700 1# - HASŁO DODATKOWE - NAZWA OSOBOWA
Nazwa osobowa Szczepańska, Danuta.
Określenie związku między hasłem a opisywanym materiałem Red.
710 #0 - HASŁO DODATKOWE - NAZWA CIAŁA ZBIOROWEGO
Nazwa ciała zbiorowego lub jednostki geograficznej Instytut Techniki Budowlanej
830 #0 - HASŁO DODATKOWE SERII LUB DOKUMENTU WIELOCZĘŚCIOWEGO - TYTUŁ UJEDNOLICONY
Tytuł ujednolicony Instrukcje, Wytyczne, Poradniki - Instytut Techniki Budowlanej ;
Oznaczenie tomu 392/2009
856 ## - LOKALIZACJA I DOSTĘP DO ELEKTRONICZNYCH DOKUMENTÓW ZDALNYCH
Link (URL) http://koha.tu.koszalin.pl/cgi-bin/koha/opac-detail.pl?biblionumber=49849
Tekst linku Katalog online BPK
942 ## - DODATKOWE ELEMENTY (KOHA)
Typ dokumentu Książka
Egzemplarze
Wycofany Status egzemplarza Uszkodzony Dostępność Lokalizacja stała Lokalizacja bieżąca Miejsce przechowywania Sygnatura Kod kreskowy Dział Typ dokumentu
      Tylko na miejscu Czytelnia Wydziału Elektroniki i Informatyki, Wydziału Architektury i Wzornictwa, Wydziału Inżynierii Mechanicznej i Energetyki oraz Wydziału Inżynierii Lądowej, Środowiska i Geodezji Czytelnia Wydziału Elektroniki i Informatyki, Wydziału Architektury i Wzornictwa, Wydziału Inżynierii Mechanicznej i Energetyki oraz Wydziału Inżynierii Lądowej, Środowiska i Geodezji Czytelnia Wydziałowa ul. Śniadeckich 2 S 2073 02200569 699.8 Ochrona budynków. Izolacja budynków Książka
© 2023 Biblioteka Politechniki Koszalińskiej :: KOHA